000 00706cam a2200217 a 4500
001 4861140
005 20171227075110.0
008 910909s1989 mnua f 000 0 eng
010 _a 91191992
020 _a0943210062
040 _aDLC
_cDLC
_dDLC
041 _aeng
080 _a658.3124 PIK
082 0 0 _a658.3124 PIK
_220
100 1 _a46
101 _aEDU
245 1 0 _aCreative training techniques handbook :
_cby Robert W. Pike.
906 _a7
_bcbc
_corignew
_d2
_encip
_f19
_gy-gencatlg
942 _2ddc
_cBK
999 _c39496
_d39496